Sports Quiz

Random Sports or NFL Quiz

Super Bowl Starting QB/RB Quiz Stats

 Plays Quiz Updated Feb 4, 2018

Challenge
Share
Tweet
Embed
Score 0/80 Timer 10:00
0 Plays Today
% Correct
Peyton Manning
99.2%
Peyton Manning
99.2%
Peyton Manning
99.2%
Eli Manning
99.1%
Eli Manning
99.1%
Tom Brady
98.9%
Tom Brady
98.9%
Tom Brady
98.9%
Tom Brady
98.9%
Tom Brady
98.9%
Tom Brady
98.9%
Tom Brady
98.8%
Tom Brady
98.5%
Russell Wilson
95.8%
Joe Flacco
95.4%
Russell Wilson
95.3%
Drew Brees
93.3%
Matt Ryan
92.6%
Ben Roethlisberger
92.1%
Ben Roethlisberger
92.1%
Nick Foles
91.7%
Kurt Warner
91.5%
Kurt Warner
91.5%
Kurt Warner
91.5%
Marshawn Lynch
91.2%
Aaron Rodgers
90.6%
Marshawn Lynch
90.2%
John Elway
89.1%
Peyton Manning
88.9%
Colin Kaepernick
88.8%
Ben Roethlisberger
87.9%
Frank Gore
87.1%
Ray Rice
85.2%
Donovan McNabb
83.8%
C.J. Anderson
81.2%
Marshall Faulk
77.2%
Marshall Faulk
77.2%
LeGarrette Blount
76.9%
Matt Hasselbeck
76.6%
Dion Lewis
75.5%
% Correct
Steve McNair
72.9%
Brad Johnson
72.5%
Terrell Davis
72.5%
Stephen Davis
72.1%
Trent Dilfer
72.1%
Antowain Smith
71.7%
Antowain Smith
71.7%
Devonta Freeman
71.6%
Rich Gannon
71.4%
Jake Delhomme
71.1%
LeGarrette Blount
71%
Rex Grossman
70.9%
Bush/Thomas
69.7%
Knowshon Moreno
69.5%
Shaun Alexander
68%
Ahmad Bradshaw
67.9%
Jay Ajayi
63.8%
Joseph Addai
62.7%
Joseph Addai
62.7%
Brandon Jacobs
60.5%
Edgerrin James
60.3%
Brian Westbrook
60.1%
Eddie George
60%
Tiki Barber
59.9%
Kerry Collins
58.8%
Jamal Anderson
57.7%
Corey Dillon
57.4%
Willie Parker
54.6%
Willie Parker
54.6%
Cam Newton
54.1%
Rashard Mendenhall
49.8%
Thomas Jones
43.8%
Chris Chandler
40.7%
James Starks
40.5%
Priest Holmes
32.6%
BenJarvus Green-Ellis
31.7%
Laurence Maroney
27.3%
Jonathan Stewart
22%
Charlie Garner
19%
Michael Pittman
14.8%

You're not logged in!

Compare scores with friends on all Sporcle quizzes.
Join for Free
OR
Log In

You Might Also Like...

Show Comments

Extras

Top Quizzes Today


Score Distribution

Your Account Isn't Verified!

In order to create a playlist on Sporcle, you need to verify the email address you used during registration. Go to your Sporcle Settings to finish the process.

Report this User

Report this user for behavior that violates our Community Guidelines.

Details: